[Event "Varazdinske Toplice op"]
[Site "Varazdinske Toplice"]
[Date "2022.12.26"]
[Round "4"]
[White "Hostnjak, Domagoj"]
[Black "Klement, Dubravko"]
[Result "0-1"]
[WhiteElo "1930"]
[BlackElo "1766"]
[PlyCount "116"]
[EventDate "2022.12.26"]
[EventType "swiss"]
[EventRounds "9"]
[EventCountry "CRO"]
[SourceTitle "CBM 211 Extra"]
[Source "ChessBase"]
[SourceDate "2023.01.31"]
[SourceVersion "1"]
[SourceVersionDate "2023.01.31"]
[SourceQuality "1"]

1. e4 c5 2. Nf3 a6 3. c4 Nc6 4. d4 cxd4 5. Nxd4 e5 6. Nb3 Nf6 7. Nc3 Bb4 8. f3 d6 9. Be3 0-0 10. Be2 Be6 11. Rc1 Rc8 12. 0-0 Na5 13. Nd5 Bxd5 14. cxd5 Rxc1 15. Nxc1 b5 16. Nd3 Nc4 17. Bc1 Ba5 18. b3 Bb6+ 19. Kh1 Ne3 20. Bxe3 Bxe3 21. Nb4 Qa5 22. Qd3 Bc5 23. Nc6 Qxa2 24. Ne7+ Kh8 25. Nf5 g6 26. Ne7 Kg7 27. f4 Qb2 28. Nc6 exf4 29. Rxf4 Qc1+ 30. Rf1 Qe3 31. Qxe3 Bxe3 32. Bd3 Ng4 33. Bc2 Nf2+ 34. Kg1 Nxe4+ 35. Kh1 Nf2+ 36. Kg1 Ng4+ 37. Kh1 Ne5 38. g3 Rc8 39. Be4 Nxc6 40. dxc6 Rc7 41. Ra1 Kf6 42. Rxa6 Ke5 43. Bd3 b4 44. Kg2 d5 45. Kf3 Bc5 46. Bb5 Kd6 47. Ra8 Re7 48. Rd8+ Kc7 49. Rh8 h5 50. Rh7 Re3+ 51. Kf4 Rxb3 52. Rxf7+ Kb6 53. Rb7+ Ka5 54. c7 Be3+ 55. Ke5 Rc3 56. Kxd5 Bb6 57. Rxb6 Kxb6 58. Bc4 Kxc7 0-1

[Event "Varazdinske Toplice op"]
[Site "Varazdinske Toplice"]
[Date "2022.12.26"]
[Round "8"]
[White "Hostnjak, Domagoj"]
[Black "Krizanic, Filip"]
[Result "1-0"]
[WhiteElo "1930"]
[BlackElo "1659"]
[PlyCount "101"]
[EventDate "2022.12.26"]
[EventType "swiss"]
[EventRounds "9"]
[EventCountry "CRO"]
[SourceTitle "CBM 211 Extra"]
[Source "ChessBase"]
[SourceDate "2023.01.31"]
[SourceVersion "1"]
[SourceVersionDate "2023.01.31"]
[SourceQuality "1"]

1. e4 e6 2. g3 d5 3. Bg2 Nf6 4. Nc3 Bb4 5. exd5 exd5 6. Nge2 0-0 7. 0-0 Nc6 8. d3 Re8 9. h3 Bf5 10. Bg5 Be6 11. Bxf6 Qxf6 12. Nf4 Rad8 13. Ncxd5 Bxd5 14. Nxd5 Qxb2 15. Rb1 Qa3 16. Rb3 Qa5 17. Qg4 Rxd5 18. Bxd5 Qxd5 19. Rxb4 Nxb4 20. Qxb4 h6 21. a4 Qc6 22. Qb5 Qxb5 23. axb5 Re5 24. Rb1 Kf8 25. Kg2 Ke7 26. Kf3 Kd6 27. c4 Re6 28. Ra1 Kc5 29. Rxa7 Rb6 30. Ke3 Re6+ 31. Kd2 Kb6 32. Ra2 Kc5 33. Kc3 Rf6 34. d4+ Kd6 35. Re2 Rf3+ 36. Kb4 Rd3 37. c5+ Kd7 38. Kc4 Rd1 39. Kd5 c6+ 40. bxc6+ bxc6+ 41. Ke5 Rd3 42. Ke4 Rd1 43. Ra2 Rf1 44. Kf3 Rb1 45. Ra7+ Ke6 46. Rc7 Rd1 47. Rxc6+ Kd5 48. Rd6+ Kc4 49. c6 Ra1 50. c7 Ra8 51. Rd8 1-0

[Event "Varazdinske Toplice op"]
[Site "Varazdinske Toplice"]
[Date "2022.12.26"]
[Round "3"]
[White "Vujec, Ivan"]
[Black "Hostnjak, Domagoj"]
[Result "1-0"]
[WhiteElo "2184"]
[BlackElo "1930"]
[PlyCount "65"]
[EventDate "2022.12.26"]
[EventType "swiss"]
[EventRounds "9"]
[EventCountry "CRO"]
[SourceTitle "CBM 211 Extra"]
[Source "ChessBase"]
[SourceDate "2023.01.31"]
[SourceVersion "1"]
[SourceVersionDate "2023.01.31"]
[SourceQuality "1"]

1. d4 Nf6 2. c4 e6 3. Nc3 Bb4 4. Qc2 0-0 5. e3 b6 6. Bd3 Bb7 7. f3 d5 8. cxd5 Nxd5 9. a3 Bxc3+ 10. bxc3 h6 11. e4 Nf6 12. Ne2 Nbd7 13. 0-0 c5 14. Be3 Rc8 15. Qd2 e5 16. d5 c4 17. Bc2 Nc5 18. Ng3 Nfd7 19. Nf5 Qf6 20. g4 g6 21. g5 Qd8 22. Nxh6+ Kg7 23. f4 Nd3 24. Bxd3 cxd3 25. fxe5 Nxe5 26. Bd4 Qd6 27. Rf6 Qe7 28. Raf1 Rce8 29. Nxf7 Kh7 30. Nxe5 Rxf6 31. gxf6 Qd7 32. Qg5 Qh3 33. Qxg6+ 1-0

[Event "CRO Topla Voda Cup"]
[Site "Tuhovec"]
[Date "2022.08.06"]
[Round "7.1"]
[White "Hostnjak, Domagoj"]
[Black "Kutle, Silvije"]
[Result "0-1"]
[WhiteElo "1927"]
[BlackElo "1832"]
[PlyCount "83"]
[EventDate "2022.08.06"]
[EventType "team-tourn (blitz)"]
[EventRounds "11"]
[EventCountry "CRO"]
[SourceTitle "CBM 209 Extra"]
[Source "ChessBase"]
[SourceDate "2022.09.30"]
[SourceVersion "1"]
[SourceVersionDate "2022.09.30"]
[SourceQuality "1"]
[WhiteTeam "Var Toplice Mladost"]
[BlackTeam "Ludbreg"]
[WhiteTeamCountry "CRO"]
[BlackTeamCountry "CRO"]

1. e4 c5 2. Nf3 d6 3. d4 cxd4 4. Nxd4 Nf6 5. f3 a6 6. c4 g6 7. Be3 Bg7 8. Nc3 0-0 9. Be2 Nc6 10. Qd2 Nxd4 11. Bxd4 Bd7 12. 0-0 Rc8 13. Rac1 e6 14. Rfd1 Bc6 15. Be3 Ne8 16. b3 Qc7 17. Nd5 exd5 18. cxd5 Qd7 19. dxc6 Rxc6 20. Rxc6 Qxc6 21. Rc1 Qd7 22. Qd5 Nf6 23. Qd3 Re8 24. Rd1 d5 25. Bg5 Re5 26. Bh4 Qe6 27. Bg3 dxe4 28. Qe3 Rd5 29. f4 Rxd1+ 30. Bxd1 Nd5 31. Qd2 e3 32. Qd3 Nc3 33. Be2 Nxe2+ 34. Qxe2 Qe4 35. h3 Bd4 36. Kh2 h5 37. h4 Bb6 38. Kh3 Bc7 39. Qe1 Qf5+ 40. Kh2 Qe4 41. Qe2 Bxf4 42. Qe1 0-1

[Event "CRO Topla Voda Cup"]
[Site "Tuhovec"]
[Date "2022.08.06"]
[Round "6.1"]
[White "Vidovic, Sasa"]
[Black "Hostnjak, Domagoj"]
[Result "1-0"]
[WhiteElo "2303"]
[BlackElo "1927"]
[PlyCount "57"]
[EventDate "2022.08.06"]
[EventType "team-tourn (blitz)"]
[EventRounds "11"]
[EventCountry "CRO"]
[SourceTitle "CBM 209 Extra"]
[Source "ChessBase"]
[SourceDate "2022.09.30"]
[SourceVersion "1"]
[SourceVersionDate "2022.09.30"]
[SourceQuality "1"]
[WhiteTeam "Strahoninec"]
[BlackTeam "Var Toplice Mladost"]
[WhiteTeamCountry "CRO"]
[BlackTeamCountry "CRO"]

1. b3 Nf6 2. Bb2 e6 3. e3 b6 4. f4 Bb7 5. Nf3 c5 6. Bd3 Nc6 7. 0-0 d5 8. a3 Be7 9. Qe1 Qc7 10. Qg3 g6 11. Ne5 h5 12. Nxf7 Rg8 13. Ng5 Kd7 14. Qh3 Nd8 15. Nc3 a6 16. Rae1 Qc6 17. e4 d4 18. Nd5 Ng4 19. Nxe7 Kxe7 20. e5 Qc7 21. Be4 Bxe4 22. Nxe4 Nf7 23. Nf6 Rg7 24. Nxg4 hxg4 25. Qxg4 Rh8 26. h3 Nh6 27. Qg5+ Kf8 28. Qf6+ Rf7 29. Qxh8+ 1-0

[Event "CRO-chT3 Centar-B"]
[Site "Croatia"]
[Date "2017.05.21"]
[Round "5.4"]
[White "Hostnjak, Domagoj"]
[Black "Sardi, Darko"]
[Result "0-1"]
[WhiteElo "1656"]
[BlackElo "1867"]
[PlyCount "136"]
[EventDate "2017.04.02"]
[EventType "team-tourn"]
[EventRounds "9"]
[EventCountry "CRO"]
[SourceTitle "EXT 2019"]
[Source "ChessBase"]
[SourceDate "2018.10.10"]
[SourceVersion "1"]
[SourceVersionDate "2018.10.10"]
[SourceQuality "1"]

1. e4 Nf6 2. Nc3 d5 3. exd5 Nxd5 4. Nxd5 Qxd5 5. Qf3 Be6 6. Qxd5 Bxd5 7. d4 Nc6 8. c3 e5 9. dxe5 Nxe5 10. f3 Bd6 11. Bf4 Nxf3+ 12. Nxf3 Bxf4 13. Kf2 0-0 14. g3 Bd6 15. Bg2 Rfe8 16. Nd4 Bxg2 17. Kxg2 Bc5 18. Rhe1 Bxd4 19. cxd4 Red8 20. Rac1 Rd7 21. Re3 c6 22. Rb3 Rad8 23. a3 Kf8 24. Re1 Rc7 25. Rbe3 g6 26. Rd1 Rd5 27. Kf3 Rcd7 28. Red3 c5 29. Ke4 f5+ 30. Ke3 Re7+ 31. Kf3 c4 32. Re3 Red7 33. Rc3 Rxd4 34. Rxd4 Rxd4 35. Rc2 b5 36. Ke3 Re4+ 37. Kf2 Ke7 38. Rd2 Re6 39. Rd5 a6 40. Rc5 Kf6 41. a4 Rb6 42. axb5 axb5 43. Kf3 h5 44. h4 Ke6 45. Kf4 Kd6 46. Rc8 Kd5 47. Ke3 Re6+ 48. Kd2 Ke4 49. Ke2 f4 50. gxf4 Kxf4+ 51. Kf2 Kg4 52. Rb8 Rf6+ 53. Kg2 Kxh4 54. Rxb5 Rc6 55. Rb4 Kg5 56. Rb5+ Kf4 57. Rb4 Kf5 58. Rb5+ Kf6 59. Kg3 g5 60. Rb8 c3 61. bxc3 Rxc3+ 62. Kg2 g4 63. Rb5 Kg6 64. Rd5 Rf3 65. Rb5 Rf5 66. Rb8 Kg5 67. Kg3 Rf3+ 68. Kg2 Rd3 0-1

[Event "CRO-chT3 Centar-B"]
[Site "Croatia"]
[Date "2017.05.07"]
[Round "3.5"]
[White "Hostnjak, Domagoj"]
[Black "Kovacic, Franjo1111"]
[Result "1-0"]
[WhiteElo "1656"]
[BlackElo "1747"]
[PlyCount "93"]
[EventDate "2017.04.02"]
[EventType "team-tourn"]
[EventRounds "9"]
[EventCountry "CRO"]
[SourceTitle "EXT 2019"]
[Source "ChessBase"]
[SourceDate "2018.10.10"]
[SourceVersion "1"]
[SourceVersionDate "2018.10.10"]
[SourceQuality "1"]

1. e4 c5 2. Nf3 d6 3. d4 cxd4 4. Nxd4 a6 5. c4 Qc7 6. Nc3 e6 7. Be3 Nf6 8. f3 g6 9. Qd2 Bg7 10. Be2 0-0 11. 0-0 Bd7 12. Rfd1 Ne8 13. Rac1 b6 14. b3 Ra7 15. Bf1 Nc6 16. Nde2 Ne7 17. Bg5 Nc8 18. Be3 Bc6 19. Nd4 Bd7 20. Bf2 Nf6 21. Nce2 Ne8 22. Be3 Nf6 23. Nf4 Ne8 24. Nc2 Nf6 25. a4 a5 26. Ne1 Ne8 27. Nc2 Bc6 28. Nd4 Bxd4 29. Bxd4 e5 30. Be3 Ng7 31. Nd5 Bxd5 32. cxd5 Qe7 33. Rc2 Rc7 34. Rxc7 Qxc7 35. Rc1 Qb7 36. Qc3 f5 37. Qc7 Qxc7 38. Rxc7 fxe4 39. fxe4 Nh5 40. Ba6 Nf6 41. Rxc8 Rxc8 42. Bxc8 Nxe4 43. Bxb6 Nd2 44. Bxa5 Nxb3 45. Bb4 Kg7 46. a5 Nxa5 47. Bxa5 1-0

[Event "CRO-chT3B Center North"]
[Site "Croatia"]
[Date "2016.05.08"]
[Round "5.2"]
[White "Hostnjak, Domagoj"]
[Black "Strahija, Josip"]
[Result "1/2-1/2"]
[WhiteElo "1624"]
[BlackElo "1633"]
[PlyCount "55"]
[EventDate "2016.04.03"]
[EventType "team-tourn"]
[EventRounds "9"]
[EventCountry "CRO"]
[SourceTitle "EXT 2019"]
[Source "ChessBase"]
[SourceDate "2018.10.10"]
[SourceVersion "1"]
[SourceVersionDate "2018.10.10"]
[SourceQuality "1"]

1. e4 e6 2. d4 d5 3. Nd2 Nf6 4. e5 Nfd7 5. Bd3 c5 6. c3 Nc6 7. Ne2 Qb6 8. Nf3 Be7 9. 0-0 0-0 10. Rb1 f6 11. exf6 Nxf6 12. Bg5 h6 13. Bc1 c4 14. Bc2 Bd6 15. Ng3 e5 16. dxe5 Nxe5 17. Nxe5 Bxe5 18. Be3 Qc7 19. Bd4 b5 20. Re1 Bxd4 21. Qxd4 Bd7 22. h3 Rae8 23. Nh5 Rxe1+ 24. Rxe1 Bc6 25. Ng3 a5 26. Nf5 Ne4 27. Bxe4 dxe4 28. Ng3 1/2-1/2

[Event "CRO-chT3B Center North"]
[Site "Croatia"]
[Date "2016.04.24"]
[Round "4.4"]
[White "Hostnjak, Domagoj"]
[Black "Havas, Juraj"]
[Result "0-1"]
[WhiteElo "1624"]
[BlackElo "2086"]
[PlyCount "42"]
[EventDate "2016.04.03"]
[EventType "team-tourn"]
[EventRounds "9"]
[EventCountry "CRO"]
[SourceTitle "EXT 2019"]
[Source "ChessBase"]
[SourceDate "2018.10.10"]
[SourceVersion "1"]
[SourceVersionDate "2018.10.10"]
[SourceQuality "1"]

1. e4 c5 2. Nf3 Nc6 3. c4 d6 4. Nc3 Nf6 5. d4 cxd4 6. Nxd4 g6 7. Be3 Bg7 8. Qd2 Ng4 9. Nxc6 bxc6 10. Bd4 Bh6 11. Be3 Nxe3 12. fxe3 0-0 13. 0-0-0 Qb6 14. Re1 Be6 15. Kb1 Qb4 16. b3 Bg7 17. Rc1 a5 18. Qc2 a4 19. Bd3 axb3 20. axb3 Ra3 21. Kb2 Rfa8 0-1

[Event "CRO-chT3B Center North"]
[Site "Croatia"]
[Date "2016.04.17"]
[Round "3.3"]
[White "Hostnjak, Domagoj"]
[Black "Hajec, Bozidar"]
[Result "1-0"]
[WhiteElo "1624"]
[BlackElo "1706"]
[PlyCount "47"]
[EventDate "2016.04.03"]
[EventType "team-tourn"]
[EventRounds "9"]
[EventCountry "CRO"]
[SourceTitle "EXT 2019"]
[Source "ChessBase"]
[SourceDate "2018.10.10"]
[SourceVersion "1"]
[SourceVersionDate "2018.10.10"]
[SourceQuality "1"]

1. e4 c5 2. Nf3 d6 3. d4 cxd4 4. Nxd4 Nf6 5. f3 a6 6. c4 e6 7. Nc3 Nc6 8. Be3 Be7 9. Be2 0-0 10. 0-0 Qc7 11. Qd2 Rd8 12. Rac1 d5 13. Nxc6 bxc6 14. cxd5 exd5 15. exd5 Be6 16. Rfd1 Nxd5 17. Nxd5 Bxd5 18. Qc2 Qa5 19. b3 Ba3 20. Rb1 Re8 21. Bd4 Re6 22. Bd3 g6 23. Qd2 Bf8 24. Qxa5 1-0

[Event "CRO-chT3B Center North"]
[Site "Croatia"]
[Date "2016.04.10"]
[Round "2.3"]
[White "Husajina, Nikola"]
[Black "Hostnjak, Domagoj"]
[Result "1-0"]
[WhiteElo "1762"]
[BlackElo "1624"]
[PlyCount "43"]
[EventDate "2016.04.03"]
[EventType "team-tourn"]
[EventRounds "9"]
[EventCountry "CRO"]
[SourceTitle "EXT 2019"]
[Source "ChessBase"]
[SourceDate "2018.10.10"]
[SourceVersion "1"]
[SourceVersionDate "2018.10.10"]
[SourceQuality "1"]

1. e4 c5 2. Nf3 g6 3. d4 cxd4 4. Qxd4 f6 5. Bc4 e6 6. Nc3 Nc6 7. Qd3 a6 8. 0-0 Nge7 9. Bf4 Bg7 10. Rad1 b5 11. Bb3 e5 12. Be3 Na5 13. Qd6 Nac6 14. Nd5 Nxd5 15. Qxd5 Qe7 16. Bc5 Qe6 17. Qd2 Qg4 18. Rfe1 g5 19. h3 Qh5 20. Qd6 Qg6 21. Qc7 f5 22. Rd6 1-0

[Event "Adriatic U20 op"]
[Site "Split"]
[Date "2015.08.27"]
[Round "3"]
[White "Cotic, Borna"]
[Black "Hostnjak, Domagoj"]
[Result "1/2-1/2"]
[WhiteElo "1812"]
[BlackElo "1704"]
[PlyCount "128"]
[EventDate "2015.08.25"]
[EventType "swiss"]
[EventRounds "9"]
[EventCountry "CRO"]
[SourceTitle "EXT 2016"]
[Source "ChessBase"]
[SourceDate "2015.10.08"]
[SourceVersion "1"]
[SourceVersionDate "2015.10.08"]
[SourceQuality "1"]

1. e4 c5 2. Nf3 d6 3. Bb5+ Bd7 4. Bxd7+ Nxd7 5. c4 Ngf6 6. Nc3 g6 7. d4 cxd4 8. Nxd4 Bg7 9. Be3 a6 10. 0-0 0-0 11. Rc1 Rc8 12. b3 Qa5 13. f3 Nc5 14. Qd2 Rfe8 15. Rfd1 h5 16. Nd5 Qxd2 17. Nxf6+ Bxf6 18. Rxd2 Red8 19. Rcd1 Nd7 20. Kf2 Ne5 21. Ke2 Kf8 22. f4 Nc6 23. Nxc6 Rxc6 24. Bd4 Bxd4 25. Rxd4 e6 26. e5 Ke7 27. Ke3 a5 28. R1d3 Ra6 29. Kd2 f6 30. Kc3 Rd7 31. Kb2 Rd8 32. g3 Rd7 33. Ka3 Rc6 34. Ka4 Ra6 35. Kb5 Rd8 36. Ka4 Rd7 37. Ka3 Rc6 38. Kb2 Rd8 39. a3 Ra6 40. b4 axb4 41. axb4 Rc6 42. Kb3 Rd7 43. b5 Rc5 44. Rxd6 Rxd6 45. exd6+ Kd7 46. Kb4 b6 47. Kc3 e5 48. fxe5 Rxe5 49. Kb4 f5 50. h4 Re4 51. Kc3 Re1 52. Kb4 Rb1+ 53. Kc3 Rc1+ 54. Kb3 Re1 55. Kc3 Rc1+ 56. Kb3 Re1 57. Kc2 Re4 58. Kc3 Re1 59. Kd2 Re4 60. Kc3 Re1 61. Kb2 Rc1 62. Kb3 Rf1 63. c5 bxc5 64. Kc4 Rc1+ 1/2-1/2